| 000 | 00413nam a2200145Ia 4500 | ||
|---|---|---|---|
| 008 | 150301s2006 xx 000 0 und d | ||
| 082 |
_a617.6342 _bS2006R |
||
| 100 | _aROBERSON ,THEODORE.M | ||
| 245 | _aSTURDEVANT'S ART AND SCIENCE OF OPERATIVE DENTISTRY | ||
| 250 | _a5TH | ||
| 260 |
_bELSEVIER PUBLICATION _aST.LOUIS MISSOURI _c2006 |
||
| 300 | _a1-1006 | ||
| 650 | _aOPERATIVE DENTISTRY | ||
| 942 |
_2ddc _cBK _016 |
||
| 999 |
_c6884 _d6884 |
||